000 00276nam a2200109Ia 4500
008 190216s9999||||xx |||||||||||||| ||und||
100 _a"Datason Rp, Sadana Bl&Amp; Gulati Sl"
245 0 _aGuide To Mat
260 _bNew Light Publishers
_c1998
300 _a334p
942 _cREF
999 _c36360
_d36360